书目信息 |
| 题名: |
植物生理学学习指导
|
|
| 作者: | 王宝山 主编 | |
| 分册: | ||
| 出版信息: | 北京 科学出版社 2006.07 |
|
| 页数: | 260页 | |
| 开本: | 24cm | |
| 丛书名: | 生命科学学习指导系列 | |
| 单 册: | ||
| 中图分类: | Q945 | |
| 科图分类: | ||
| 主题词: | 植物生理学--zhi wu sheng li xue--高等学校--教学参考资料 | |
| 电子资源: | ||
| ISBN: | 7-03-017491-7 | |
| 000 | 00958nam 2200241 450 | |
| 001 | 012007639457 | |
| 005 | 20070515155748.45 | |
| 010 | @a7-03-017491-7@dCNY24.00 | |
| 100 | @a20070117d2006 km y0chiy0120 ea | |
| 101 | 0 | @achi |
| 102 | @aCN@b110000 | |
| 105 | @aa z 000yy | |
| 200 | 1 | @a植物生理学学习指导@Azhi wu sheng li xue xue xi zhi dao@f王宝山主编@Fwang bao shan zhu bian |
| 210 | @a北京@c科学出版社@d2006.07 | |
| 215 | @a260页@c图@d24cm | |
| 225 | 2 | @a生命科学学习指导系列@Asheng ming ke xue xue xi zhi dao xi lie@i研究生入学考试指南 |
| 330 | @a本书与国内主要的《植物生理学》本科教材的基本内容保持一致,目的是辅导学生对植物生理这门课程和全面深怕和融会贯通,特别是针对植物生理的学科特点。 | |
| 410 | 0 | @12001 @a生命科学学习指导系列@i研究生入学考试指南 |
| 606 | 0 | @a植物生理学@Azhi wu sheng li xue@x高等学校@j教学参考资料 |
| 690 | @aQ945@v4 | |
| 701 | 0 | @a王宝山@Awang bao shan@4主编 |
| 801 | 0 | @aCN@c20070515 |
| 905 | @a10447@dQ945@eW106 | |
| 植物生理学学习指导/王宝山主编.-北京:科学出版社,2006.07 |
| 260页:图;24cm.-(生命科学学习指导系列.研究生入学考试指南) |
| ISBN 7-03-017491-7:CNY24.00 |
| 本书与国内主要的《植物生理学》本科教材的基本内容保持一致,目的是辅导学生对植物生理这门课程和全面深怕和融会贯通,特别是针对植物生理的学科特点。 |
| ● |
| 相关链接 |
|
|
|
正题名:植物生理学学习指导
索取号:Q945/W106
 
预约/预借
| 序号 | 登录号 | 条形码 | 馆藏地/架位号 | 状态 | 备注 |
| 1 | 235149 | 202351490 | 自科库401/ [索取号:Q945/W106] | 在馆 | |
| 2 | 235150 | 202351506 | 自科库401/401自科库 35排1列1层/ [索取号:Q945/W106] | 在馆 | |
| 3 | 235151 | 202351515 | 自科库401/401自科库 35排1列1层/ [索取号:Q945/W106] | 在馆 |